000 00652nam a2200277Ia 4500
005 20260324132428.0
008 008 260324s9999 xx 000 0 eng d
020 _a9780429482380
037 _aEBOOK
040 _aCRL
040 _beng
040 _cCRL
041 _2eng
041 _aeng
084 _qCRL
100 _aTrudy Klauber; Maria Rhode
_91189240
245 4 _aThe Many Faces of Asperger's Syndrome
260 _bTaylor and Francis
260 _c2004
365 _a
365 _b205
856 _uhttp://www.taylorfrancis.com/books/9780429482380
942 _cEBOOK
999 _c1787360
_d1787360